Metódy a nástroje na podporu procesného prístupu v manažmente podniku
Možnosti uplatnenia metód a techník na podporu procesného manažmetu podniku a prínosy jednotlivých metód na podporu konkurencieschopnoti podniku. Koncepcia procesného manažmentu a nové požiadaky na manažérsku prácu.
Uložené v:
| Hlavný autor: | |
|---|---|
| Médium: | Kapitola |
| Jazyk: | Slovak |
| Predmet: | |
| Tagy: |
Žiadne tagy, Buďte prvý, kto otaguje tento záznam!
|
MARC
| LEADER | 00000naa$a2200000$$$4500 | ||
|---|---|---|---|
| 001 | 0209821 | ||
| 005 | 20240502073506.9 | ||
| 041 | 0 | |a slo | |
| 044 | |a SK | ||
| 245 | 1 | 0 | |a Metódy a nástroje na podporu procesného prístupu v manažmente podniku |c Emília Papulová |
| 520 | |a Možnosti uplatnenia metód a techník na podporu procesného manažmetu podniku a prínosy jednotlivých metód na podporu konkurencieschopnoti podniku. Koncepcia procesného manažmentu a nové požiadaky na manažérsku prácu. | ||
| 610 | 2 | 0 | |a manažment |
| 610 | 2 | 0 | |a manažéri |
| 610 | 2 | 0 | |a riadenie procesné |
| 610 | 2 | 0 | |a metódy riadenia |
| 610 | 2 | 0 | |a technika riadenia |
| 610 | 2 | 0 | |a koncepcie |
| 610 | 2 | 0 | |a ciele riadenia |
| 100 | 1 | |a Papulová, Emília | |